000 00482nam a2200157 4500
001 148719
003 ES-MaACL
005 20230906202756.0
007 t|
008 070214s1971 sp r ||||1| spa d
100 1 _aSuárez Suárez, Andrés-Santiago.
_9108662
245 1 0 _aAmpliaciones económicas de la programación lineal /
_cAndrés-Santiago Suárez Suárez.
260 _aMadrid :
_bGuadiana,
_c1971.
300 _a206 p. ;
_c24 cm.
852 _aES-MaACL
_jC-37790
_bR.77245
999 _c148719
_d148719